02294nam a2200289 i 450000500170000000800410001702000180005804000090007605000110008508200220009610000340011824500720015224600360022426400460026030000490030633600210035533700250037633800230040150000200042450504640044452009540090865000140186270000340187670000290191070000330193970000320197220231124093516.0220701s2021 nyua 001 0 eng  a9781260570519 cCSPC0 aHF56670 a657.45bL939a2231 aLouwers, Timothy J.,eauthor.10aAuditing & assurance services /cTimothy J. Louwers [and 4 others].3 aAuditing and assurance services 1aNew York :bMcGraw-Hill Education,c2021. axxxiii, 952 pages :billustrations ;c29 cm. 2rdacontentatext 2rdamediaaunmediated 2rdacarrieravolume aIncludes index. aAuditing and assurance services -- Professional standards -- Engagement planning and audit evidence -- The audit risk model and inherent risk assessments -- Risk assessments: internal control evaluation -- Employee fraud and the audit of cash -- Revenue and collection cycle -- Acquisition and expenditure cycle -- The production cycle and auditing inventory -- Finance and investment cycle -- Completing the audit -- Reports on auditing financial statements. aAs auditors, we are trained to investigate beyond appearances to determine the underlying facts―in other words, to look beneath the surface. From the Enron and WorldCom scandals of the early 2000s to the financial crisis of 2007–2008 to present-day issues and challenges related to significant estimation uncertainty, understanding the auditor’s responsibility related to fraud, maintaining a clear perspective, probing for details, and understanding the big picture are indispensable to effective auditing. With the availability of greater levels of qualitative and quantitative information (“big data”), the need for technical skills and challenges facing today’s auditor is greater than ever. The author team of Louwers, Blay, Sinason, Strawser, and Thibodeau has dedicated years of experience in the auditing field to this new edition of Auditing & Assurance Services, supplying the necessary investigative tools for future auditors.10aAuditing.1 aBagley, Penelope L.,eauthor.1 aBlay, Allen D.,eauthor.1 aStrawser, Jerry R.,eauthor.1 aThibodeau, Jay C.,eauthor.